000
00292nam a22001337a 4500
008
170905b xxu||||| |||| 00| 0 eng d
020
_a
0495901717
041
_a
eng
080
_2
13 ED
_a
070
100
_a
070
101
_a
MED
245
_a
COMMUNICATION
_c
VERDERBER.K.K
942
_2
udc
_c
BK
999
_c
26091
_d
26091